000 00283nam a22001337a 4500
008 180125b xxu||||| |||| 00| 0 eng d
020 _a9781402759895
041 _aeng
080 _a37
100 _a47
101 _aEDU
245 _aMind challenges
_cJohnson,T
942 _2udc
_cBK
999 _c40906
_d40906